000 00507nam a2200169Ia 4500
008 180921t2015 xxu||||| |||| 00| 0 sin d
041 _asin
080 _a8-32
_bDOS
245 _aප්යෝදර් දොස්තයෙව්ස්කි තෝරාගත් කතා
246 _aPyodar Dosthayevski Thoragath Katha
260 _bGodage
_aColombo
_c2015
300 _a232p, 21cm
700 _aDadigama Vi.Rudrigu
_etr.
942 _cBK
999 _c9416
_d9416
003 LK-CoDNM
040 _aLK-CoDNM
_dLK-CoDNM
_eLK-CoDNM